Normal view
MARC view
- Doğa
Entry Topical Term
001 - CONTROL NUMBER
- control field: 9408
003 - CONTROL NUMBER IDENTIFIER
- control field: TR-AnTOB
005 - DATE AND TIME OF LATEST TRANSACTION
- control field: 20220426160930.0
008 - FIXED-LENGTH DATA ELEMENTS
- fixed length control field: 161230n|eazznnaab| |a aaa d
035 ## - SYSTEM CONTROL NUMBER
- System control number: (TR-AnTOB)9408
040 ## - CATALOGING SOURCE
- Original cataloging agency: TR-AnTOB
- Transcribing agency: TR-AnTOB
- Subject heading/thesaurus conventions: etuturkob
053 #0 - LC CLASSIFICATION NUMBER
- Classification number element--single number or beginning number of span: GF75
150 ## - HEADING--TOPICAL TERM
- Topical term or geographic name entry element: Doğa
- General subdivision: İnsan etkisi
450 ## - SEE FROM TRACING--TOPICAL TERM
- Topical term or geographic name entry element: Nature
- General subdivision: Effect of human beings on
450 ## - SEE FROM TRACING--TOPICAL TERM
- Topical term or geographic name entry element: Ecological footprint
450 ## - SEE FROM TRACING--TOPICAL TERM
- Topical term or geographic name entry element: Ekolojik ayak izi
450 ## - SEE FROM TRACING--TOPICAL TERM
- Topical term or geographic name entry element: Anthropogenic effects on nature
550 ## - SEE ALSO FROM TRACING--TOPICAL TERM
- Topical term or geographic name entry element: Human beings
- Control subfield: g
550 ## - SEE ALSO FROM TRACING--TOPICAL TERM
- Topical term or geographic name entry element: Anthropogenic soils
550 ## - SEE ALSO FROM TRACING--TOPICAL TERM
- Topical term or geographic name entry element: Human ecology
688 ## - APPLICATION HISTORY NOTE
- Institution to which field applies: TR-AnTOB
- Application history note: Op 08.04.2021
750 ## - ESTABLISHED HEADING LINKING ENTRY--TOPICAL TERM
- Authority record control number or standard number: https://lccn.loc.gov/sh85080299
- Source of heading or term: lcsh
750 ## - ESTABLISHED HEADING LINKING ENTRY--TOPICAL TERM
- Authority record control number or standard number: (TR-AnTOB)84008
- Source of heading or term: etuesh



